<?xml version="1.0" encoding="UTF-8"?>
<marc:record xmlns:marc="http://www.loc.gov/MARC21/slim">
   <marc:leader>00000nam a2200000 a 4500</marc:leader>
   <marc:datafield ind1="1" ind2=" " tag="100">
      <marc:subfield code="a">Causé, Hendrik</marc:subfield>
   </marc:datafield>
   <marc:datafield ind1="1" ind2=" " tag="100">
      <marc:subfield code="a">Eleonore &lt;Heiliges Römisches Reich, Kaiserin&gt;</marc:subfield>
   </marc:datafield>
   <marc:datafield ind1="1" ind2=" " tag="100">
      <marc:subfield code="a">Papebrochius, Daniel</marc:subfield>
   </marc:datafield>
   <marc:datafield ind1="1" ind2=" " tag="100">
      <marc:subfield code="a">Janning, Coenraad</marc:subfield>
   </marc:datafield>
   <marc:datafield ind1="1" ind2=" " tag="100">
      <marc:subfield code="a">Baertius, Franciscus</marc:subfield>
   </marc:datafield>
   <marc:datafield ind1=" " ind2=" " tag="653">
      <marc:subfield code="a">s||Kupferstich</marc:subfield>
   </marc:datafield>
   <marc:datafield ind1=" " ind2=" " tag="653">
      <marc:subfield code="a">p||Eleonore &lt;Heiliges Römisches Reich</marc:subfield>
   </marc:datafield>
   <marc:datafield ind1=" " ind2=" " tag="653">
      <marc:subfield code="a">Kaiserin&gt;</marc:subfield>
   </marc:datafield>
   <marc:datafield ind1="0" ind2="0" tag="245">
      <marc:subfield code="a">Sanctos a die VII ad XVI colendos complexus</marc:subfield>
   </marc:datafield>
   <marc:datafield ind1="0" ind2="0" tag="245">
      <marc:subfield code="b">cum Tractatu Praeliminari Nicolai Rayaei Ejusdem Societatis similiter Theologi, de Acoluthia Officii Canonici pro Ecclesiis Orientalibus Graecorum in solenni Commemoratione trium Doctorum Basilii, Nazianzeni, Et Chrysostomi</marc:subfield>
   </marc:datafield>
   <marc:datafield ind1="0" ind2="0" tag="245">
      <marc:subfield code="c">Collecta, Digesta, Commentariisque &amp; Observationibus Illustrata, A Godefrido Henschenio P. M. Daniele Papebrochio, Francisco Baertio, Et Conrado Janningo, e Societate Jesu Presbyteris Theologis</marc:subfield>
   </marc:datafield>
   <marc:datafield ind1=" " ind2="1" tag="264">
      <marc:subfield code="a">Antverpiae</marc:subfield>
      <marc:subfield code="b">Thieullier</marc:subfield>
      <marc:subfield code="c">1698</marc:subfield>
   </marc:datafield>
   <marc:datafield ind1="1" ind2=" " tag="520">
      <marc:subfield code="a">Exlibris Kloster Wessobrunn ("Wessofontani proba sum possessio claustri" etc. Kirchenallegorie mit Papstfigur, darunter zwei Hexameter) von I. E. Belling, Cath. Sc. A.V. https://zentralbibliothek.kapuziner.at/kupferstiche/provinzbibliothek/provinzbibliothek_4001.jpg, Frontispiz (Kupferstich) https://zentralbibliothek.kapuziner.at/kupferstiche/provinzbibliothek/provinzbibliothek_4016.jpg von Philibertus Bouttats junior sculp. Antverp., Porträt (Kupferstich) von Kaiserin Eleonora Magdalena Theresia von Henricus Causé sculpsit https://zentralbibliothek.kapuziner.at/kupferstiche/provinzbibliothek/provinzbibliothek_4017.jpg, weitere Illustrationen (Kupferstiche), Wappen, figurative, illustrierte Initialen und Zierkupferstiche im Text, gelber Ledereinband auf Buchdeckeln aus Holz, Leder der Buchdeckel mit Linien, fleuralen Bordüren (teilweise Zopfmuster) und Einzelelementen verziert, Buchrücken mit 5 Bünden, Linien ober- und unterhalb der Bünde, gelben Titelschildern "BOLLA. || JUNII DIES || 7. usque ad 15." "TOM. II." und Signaturschild "356 (20)", zwei geschwungene Knopfschließen mit Lederscharnieren, blaue Schnittkante, 9 braune Signakel aus Leder.</marc:subfield>
   </marc:datafield>
   <marc:datafield ind1=" " ind2=" " tag="500">
      <marc:subfield code="a">Text teilw. in griech.</marc:subfield>
   </marc:datafield>
   <marc:datafield ind1="0" ind2=" " tag="490">
      <marc:subfield code="v">2.</marc:subfield>
   </marc:datafield>
   <marc:datafield ind1=" " ind2=" " tag="300">
      <marc:subfield code="a">[13] Bl.,S. XV - XC, [8] Bl., 1103, [1] S., [31], [1] Bl., [1] gef. Bl. : Ill.</marc:subfield>
   </marc:datafield>
</marc:record>
